Dalam hati ada dia?

Bibliographic Details
Main Author: Illa Shanahila
Format: Book
Published: Selangor : Penulisan Enterprise , 2013
Subjects:

MARC

LEADER 00000cam a2200000 7i4500
001 0000065986
005 20160828.0
008 160828
020 |a 9789670567204 
090 0 0 |a ILL   |b MAL 
100 0 |a Illa Shanahila 
245 0 0 |a Dalam hati ada dia?   |c Illa Shanahila 
260 |a Selangor :   |b Penulisan Enterprise ,   |c 2013 
300 |a iii,589p. :   |b col.,ill. ;   |c 19cm. 
500 |a Novel 
650 0 |a Malay fiction 
999 |a 0001402304   |b Book   |c Adult Collection   |e Perbadanan Perpustakaan Awam Johor 
999 |a 0001402305   |b Book   |c Adult Collection   |e Perbadanan Perpustakaan Awam Johor 
999 |a 0001402306   |b Book   |c Adult Collection   |e Cawangan Urban Transformation Centre 
999 |a 0001402307   |b Book   |c Adult Collection   |e Cawangan AEON Kulaijaya 
999 |a 0001402496   |b Book   |c Adult Collection   |e Cawangan Pontian 
999 |a 0001402497   |b Book   |c Adult Collection   |e Cawangan Taman Sri Lambak 
999 |a 0001402498   |b Book   |c Adult Collection   |e Cawangan Muar 
999 |a 0001402499   |b Book   |c Adult Collection   |e Cawangan Bandar Penawar 
999 |a 0001402500   |b Book   |c Adult Collection   |e Cawangan Segamat 
999 |a 0001402502   |b Book   |c Adult Collection   |e Cawangan Mersing 
999 |a 0001402503   |b Book   |c Adult Collection   |e Cawangan Batu Pahat 
999 |a 0001402504   |b Book   |c Children Collection   |e Cawangan Bukit Gambir 
999 |a 0001402505   |b Book   |c Adult Collection   |e Cawangan Bandar Tenggara 
999 |a 0001402506   |b Book   |c Adult Collection   |e Cawangan Sri Merlong 
999 |a 0001402507   |b Book   |c Adult Collection   |e Cawangan Tmn. Ungku Tun Aminah 
999 |a 0001404081   |b Book   |c Adult Collection   |e Cawangan Tmn. Ungku Tun Aminah 
999 |a 0001404087   |b Book   |c Adult Collection   |e Cawangan Sri Merlong 
999 |a 0001404095   |b Book   |c Adult Collection   |e Cawangan Tangkak 
999 |a 0001404106   |b Book   |c Adult Collection   |e Cawangan Pontian 
999 |a 0001519523   |b Book   |c Adult Collection   |e Cawangan Bandar Tenggara